L'Afrique du Nord : (Record no. 94934)
[ view plain ]
| 000 -LEADER | |
|---|---|
| campo de control de longitud fija | 01567nam a2200325 i 4500 |
| 001 - NÚMERO DE CONTROL | |
| campo de control | 94934 |
| 003 - IDENTIFICADOR DE NÚMERO DE CONTROL | |
| campo de control | ES-MaACL |
| 005 - FECHA Y HORA DE LA ÚLTIMA TRANSACCIÓN | |
| campo de control | 20260209164751.0 |
| 007 - CAMPO FIJO DE DESCRIPCIÓN FÍSICA--INFORMACIÓN GENERAL | |
| campo de control de longitud fija | t| |
| 008 - DATOS DE LONGITUD FIJA--INFORMACIÓN GENERAL | |
| campo de control de longitud fija | 160202s1913 fr ||||1| fre d |
| 245 02 - MENCIÓN DEL TÍTULO | |
| Título | L'Afrique du Nord : |
| Resto del título | conférences organisées par la Société des anciens élèves et élèves de l'École libre des sciences politiques / |
| Mención de responsabilidad, etc. | Augustin Bernard ... [et al.]. |
| 260 ## - PUBLICACIÓN, DISTRIBUCIÓN, ETC. | |
| Lugar de publicación, distribución, etc. | Paris : |
| Nombre del editor, distribuidor, etc. | Félix Alcan, |
| Fecha de publicación, distribución, etc. | 1913. |
| 300 ## - DESCRIPCIÓN FÍSICA | |
| Extensión | 275 p., 2 mapas. ; |
| Dimensiones | 19 cm. |
| 490 1# - MENCIÓN DE SERIE | |
| Mención de serie | Bibliothèque d'histoire contemporaine |
| 504 ## - NOTA DE BIBLIOGRAFÍA, ETC. | |
| Nota de bibliografía, etc. | Bibliografía. |
| 505 8# - NOTA DE CONTENIDO CON FORMATO | |
| Nota de contenido con formato | Contiene: L'Algérie et la Tunisie / Augustin Bernard ; discours de Jonnart . Le Maroc / Ladreit de Lacharriére ; discours de C. général Lyautey . L' Afrique occidentale / Camille Guy ; discours de Roume . L'Egypte / Andre Tardien ; discours de J. Charles-Roux . La Tripolitaine / René Pinon ; discours de Stéphen Pichon |
| 651 #4 - PUNTO DE ACCESO ADICIONAL DE MATERIA--NOMBRE GEOGRÁFICO | |
| Nombre geográfico | África septentrional- |
| Subdivisión de forma | Descripción |
| 9 (RLIN) | 7603 |
| 651 #4 - PUNTO DE ACCESO ADICIONAL DE MATERIA--NOMBRE GEOGRÁFICO | |
| Nombre geográfico | Francia- |
| Subdivisión general | Colonias- |
| Subdivisión geográfica | África. |
| 9 (RLIN) | 8675 |
| 700 1# - ENTRADA AGREGADA--NOMBRE PERSONAL | |
| Nombre de persona | Bernard, Augustin. |
| 9 (RLIN) | 28229 |
| 700 1# - ENTRADA AGREGADA--NOMBRE PERSONAL | |
| Nombre de persona | Jonnart, Charles ( |
| Fechas asociadas al nombre | 1857-1927) |
| 9 (RLIN) | 172911 |
| 700 1# - ENTRADA AGREGADA--NOMBRE PERSONAL | |
| Nombre de persona | Ladreit de Lacharrière, Jacques. |
| 9 (RLIN) | 172926 |
| 700 1# - ENTRADA AGREGADA--NOMBRE PERSONAL | |
| Nombre de persona | Lyautey, Hubert, |
| Fechas asociadas al nombre | 1854-1934 |
| 9 (RLIN) | 165230 |
| 700 1# - ENTRADA AGREGADA--NOMBRE PERSONAL | |
| Nombre de persona | Guy, Camille ( |
| Fechas asociadas al nombre | 1860-1929) |
| 9 (RLIN) | 172927 |
| 700 1# - ENTRADA AGREGADA--NOMBRE PERSONAL | |
| Nombre de persona | Pinon, René. |
| 9 (RLIN) | 92189 |
| 700 1# - ENTRADA AGREGADA--NOMBRE PERSONAL | |
| Nombre de persona | Pichon, Stéphen ( |
| Fechas asociadas al nombre | 1857-1933) |
| 9 (RLIN) | 91838 |
| 710 2# - ENTRADA AGREGADA--NOMBRE DE ENTIDAD CORPORATIVA | |
| Nombre de entidad corporativa o nombre de jurisdicción como elemento de entrada | École libre des sciences politiques (Paris) |
| 9 (RLIN) | 3414 |
| 830 1# - PUNTO DE ACCESO ADICIONAL DE SERIE-TÍTULO UNIFORME | |
| Título uniforme | Bibliothèque d'histoire contemporaine |
| 9 (RLIN) | 180875 |
| 852 ## - LOCALIZACIÓN | |
| Ubicación | ES-MaACL |
| Número de control de estantería | G-7212 |
| Estatus retirado | Estado de pérdida | Estado de daño | No para préstamo | Biblioteca de origen | Biblioteca actual | Ubicación en estantería | Fecha de adquisición | Fuente de adquisición | Total de préstamos | Signatura topográfica completa | Código de barras | Visto por última vez | Precio de reemplazo | Tipo de ítem Koha |
|---|---|---|---|---|---|---|---|---|---|---|---|---|---|---|
| Biblioteca del Ateneo de Madrid | Biblioteca del Ateneo de Madrid | Depósito 2 | 02/02/2016 | G-7212 | 1194652 | 23/02/2023 | 23/02/2023 | Libro impreso |
